00371 a2200145 4500003000500000005001700005040000900022082001200031100001800043245004600061260001900107300001200126505007200138650001500210NUST20221206140251.0 cNust a158,BRU aBrunton, Paul aThe Quest of the Overself /cPaul Brunton alondonbRider  a304 p.: aPart-1: The Analysis (Page-11), Part -II: The Practices (Page-153). apsychology